000 00540nam a2200193Ia 4500
005 20250326143654.0
008 250326s9999 xx 000 0 und d
020 _a1-57675-191-0
037 _aTextbook
040 _aFMSL
_beng
_cFMSL
041 _aeng
_2eng
084 _aX(D7) P2
_qFMSL
100 _aCunningham Strom
_9748361
245 0 _aResoration economy: greatest new growth fronteir
_cCunningham Strom
260 _aUSA
_bUSA, BK
_c2002
300 _axiv,340
942 _cTB
_hX(D7) P2
999 _c1300526
_d1300526